Facilities economics in the UK (Record no. 102844)
[ view plain ]
| 000 -LEADER | |
|---|---|
| fixed length control field | 01818cam a2200409 4500 |
| 008 - FIXED-LENGTH DATA ELEMENTS--GENERAL INFORMATION | |
| fixed length control field | #DATE n2003 000 0 eng u |
| 020 ## - INTERNATIONAL STANDARD BOOK NUMBER | |
| International Standard Book Number | 0904237397 |
| 035 ## - SYSTEM CONTROL NUMBER | |
| System control number | (Sirsi) u122440 |
| 041 ## - LANGUAGE CODE | |
| Language code of text/sound track or separate title | eng |
| 050 ## - LIBRARY OF CONGRESS CALL NUMBER | |
| Classification number | 658.2 |
| -- | 18 |
| 100 ## - MAIN ENTRY--PERSONAL NAME | |
| Personal name | Williams, Bernard |
| 245 ## - TITLE STATEMENT | |
| Title | Facilities economics in the UK |
| 250 ## - EDITION STATEMENT | |
| Edition statement | 2nd ed. |
| 260 ## - PUBLICATION, DISTRIBUTION, ETC. | |
| Place of publication, distribution, etc. | Bromley |
| Name of publisher, distributor, etc. | Building Economics Bureau |
| Date of publication, distribution, etc. | 2003 |
| 300 ## - PHYSICAL DESCRIPTION | |
| Extent | Various pagings |
| Other physical details | ill. |
| Dimensions | 30cm. |
| 350 ## - PRICE (NR) (BK AM CF MU VM SE) [OBSOLETE] | |
| Price | 89.99 |
| 505 ## - FORMATTED CONTENTS NOTE | |
| Formatted contents note | Part A - facilities and their management : facilities and the corporate plan ; facilities management |
| 505 ## - FORMATTED CONTENTS NOTE | |
| Formatted contents note | Part B - premises : commercial real estate ; space management ; premises operating services ; fitting-out and alterations |
| 505 ## - FORMATTED CONTENTS NOTE | |
| Formatted contents note | Part C - support services : business support services ; staff support services |
| 505 ## - FORMATTED CONTENTS NOTE | |
| Formatted contents note | Part D - relocation and development : relocation ; the development option |
| 505 ## - FORMATTED CONTENTS NOTE | |
| Formatted contents note | Part E - taxation : taxation considerations |
| 505 ## - FORMATTED CONTENTS NOTE | |
| Formatted contents note | Part F - the facilities audit : facilities auditing processes |
| 520 ## - SUMMARY, ETC. | |
| Summary, etc. | Third edition of this textbook considering all aspects of facilities management from the general management of commercial property to details of premises operating costs, fitting out, alterations, business support services, relocation and taxation. Concludes with a section on premises audits and benchmarking. |
| 520 ## - SUMMARY, ETC. | |
| Summary, etc. | Supersedes first revised edition (ISBN 0904237168). |
| 650 ## - SUBJECT ADDED ENTRY--TOPICAL TERM | |
| Topical term or geographic name entry element | BENCHMARKING |
| 650 ## - SUBJECT ADDED ENTRY--TOPICAL TERM | |
| Topical term or geographic name entry element | PROPERTY-COMMERCIAL PROPERTY |
| 650 ## - SUBJECT ADDED ENTRY--TOPICAL TERM | |
| Topical term or geographic name entry element | COSTING |
| 650 ## - SUBJECT ADDED ENTRY--TOPICAL TERM | |
| Topical term or geographic name entry element | FACILITIES AUDIT |
| 650 ## - SUBJECT ADDED ENTRY--TOPICAL TERM | |
| Topical term or geographic name entry element | OPERATING COSTS |
| 650 ## - SUBJECT ADDED ENTRY--TOPICAL TERM | |
| Topical term or geographic name entry element | PREMISES AUDITS |
| 650 ## - SUBJECT ADDED ENTRY--TOPICAL TERM | |
| Topical term or geographic name entry element | PROPERTY DEVELOPMENT |
| 650 ## - SUBJECT ADDED ENTRY--TOPICAL TERM | |
| Topical term or geographic name entry element | Property management |
| 9 (RLIN) | 6262 |
| 650 ## - SUBJECT ADDED ENTRY--TOPICAL TERM | |
| Topical term or geographic name entry element | RELOCATION |
| 650 ## - SUBJECT ADDED ENTRY--TOPICAL TERM | |
| Topical term or geographic name entry element | SPACE MANAGEMENT |
| 690 ## - LOCAL SUBJECT ADDED ENTRY--TOPICAL TERM (OCLC, RLIN) | |
| Topical term or geographic name as entry element | MANAGEMENT-FACILITIES MANAGEMENT |
| 942 ## - ADDED ENTRY ELEMENTS (KOHA) | |
| Suppress in OPAC | 0 |
| Withdrawn status | Lost status | Source of classification or shelving scheme | Damaged status | Not for loan | Home library | Current library | Shelving location | Date acquired | Cost, normal purchase price | Total Checkouts | Full call number | Barcode | Date last seen | Date last checked out | Copy number | Cost, replacement price | Price effective from | Koha item type |
|---|---|---|---|---|---|---|---|---|---|---|---|---|---|---|---|---|---|---|
| Dewey Decimal Classification | London | London | Folio | 06/06/2003 | 89.99 | 27 | F658.2 WILL | 30067492 | 10/04/2024 | 27/04/2010 | 1 | 89.99 | 06/08/2019 | Book |